00794nam a2200181 a 450000100100000000500170001000800410002704000250006811000530009324500340014626000500018030000200023004900090025095201200025995201110037995201050049099900170059500003154020200930063012.0110627s2009 dr a 000 0 spa d aDO-SdBNPbspacBNPHU1 aDirección General de Impuestos Internos95790410aConstruyamos un mejor país. aSanto Domingo :bEdiciones Tributaria,c2009. a12 p. ;c18 cm. aBNPD 001054708DSaGRbGRcCTd2011-06-27iLF1l0o p31540-30r2020-06-25te. 3w2020-06-25yLFDSZPréstamo en sala 0010718PDaPDbPDcCTd2011-06-27iLF1l0o p31540-10r2020-06-25te. 2w2020-06-25yLFPDZNo se presta 0010718PDaPDbPDcCTd2011-06-27iLF1l0o p31540-20r2020-06-25w2020-06-25yLFPDZNo se presta c31032d31032